| 000 | 01128nam a2200337Ia 4500 | ||
|---|---|---|---|
| 003 | OSt | ||
| 005 | 20221007121438.0 | ||
| 006 | a|||||r|||| 00| 0 | ||
| 007 | ta | ||
| 008 | 221006b |||||||| |||| 00| 0 eng d | ||
| 020 | _a9781605352909 (hbk) | ||
| 024 | _a198477 | ||
| 037 |
_b1156, 29/01/2018, Indica Publishers & Distributors Pvt. Ltd. _cTextual |
||
| 040 |
_aBDL _cBDL _beng |
||
| 041 |
_2eng _aeng |
||
| 082 | _aG11, P0;Q6;2 carb | ||
| 100 |
_aCooper Geoffrey M _9392382 |
||
| 245 | 0 |
_aCell: A molecular approach _b Hausman Robert E |
|
| 250 | _a7 | ||
| 260 |
_aUSA _bSenior _c2016 |
||
| 300 |
_axxv,832p. col. ill. _ccm. |
||
| 500 | _aGlossary 783-802p.; Index 805-832p. | ||
| 650 |
_a Bioenergetics and metaboism _9711963 |
||
| 650 |
_a Genes and genomes _9711964 |
||
| 650 |
_a Molecules and membranes _9711965 |
||
| 650 |
_a Nucles _9711966 |
||
| 650 | _aBotany | ||
| 700 | _a Hausman Robert E | ||
| 942 |
_hG11, P0;Q6;2 carb _cTEXL _2CC |
||
| 999 |
_c1208900 _d1208900 |
||